| 000 | 00731nam a2200205 i 4500 | ||
|---|---|---|---|
| 001 | 89368 | ||
| 003 | ES-MaACL | ||
| 005 | 20240424063048.0 | ||
| 007 | t| | ||
| 008 | 050110s1977 sp ||||1| spa d | ||
| 020 | _a84-249-0727-2 | ||
| 100 | 0 |
_aLapesa, Rafael, _d1908-2001 _970146 |
|
| 245 | 1 | 0 |
_aPoetas y prosistas de ayer y de hoy _b: veinte estudios de historia y crítica literarias / _cRafael Lapesa. |
| 260 |
_aMadrid : _bGredos, _c[1977] |
||
| 300 |
_a424 p. ; _c20 cm. |
||
| 490 | 1 |
_aBiblioteca románica hispánica. II. Estudios y ensayos ; _v263 |
|
| 830 | 0 |
_aBiblioteca románica hispánica. II. Estudios y ensayos ; _v263 _9178108 |
|
| 852 |
_aES-MaACL _jL-10703 _bR.112636 |
||
| 999 |
_c89368 _d89368 |
||